Dante háza [vers] /

Elmentve itt :
Bibliográfiai részletek
Szerző: Kelemen János
További közreműködők: Dante Alighieri
Dokumentumtípus: Cikk
Megjelent: 1966
Sorozat:Tiszatáj 20 No. 2
Kulcsszavak:Dante Alighieri, Magyar irodalom - vers
Online Access:http://tiszataj.bibl.u-szeged.hu/3994
LEADER 00607nab a2200193 i 4500
001 tisza3994
005 20200330123824.0
008 170304s1966 hu o 0|| hun d
022 |a 0133-1167 
040 |a SZTE Tiszatáj Archívum  |b hun 
041 |a hun 
100 1 |a Kelemen János 
245 1 0 |a Dante háza   |h [elektronikus dokumentum] :  |b [vers] /  |c  Kelemen János 
260 |c 1966 
300 |a 111 
490 0 |a Tiszatáj  |v 20 No. 2 
695 |a Dante Alighieri, Magyar irodalom - vers 
700 0 1 |a Dante Alighieri 
856 4 0 |u http://tiszataj.bibl.u-szeged.hu/3994/1/tiszataj_1966_002_111.pdf  |z Dokumentum-elérés